000 00188nam a2200085 4500
001 1255923
005 20251216141444.0
245 _aBİLGİN KİVİ
_cROBERT ALLEN
260 _bTİMAŞ YAYINLARI
999 _c1255923
_d1255923